Arsenal 2019/20 Summer Trasfers - Statistics

General Stats
  • This quiz has been taken 328 times
    324 since last reset
  • The average score is 6 of 14
Answer Stats
Signed From Player % Correct
Lille Nicolas Pepe
86%
Saint-Etienne Wiliam Saliba
70%
Celtic Kieran Tierney
68%
Real Madrid (Loan) Dani Ceballos
67%
Chelsea David Luiz
54%
Juventus Aaron Ramsey
52%
Everton Alex Iwobi
47%
Ituano Gabriel Martinelli
42%
Bordeaux Laurent Koscielny
42%
Retired Petr Cech
35%
Watford Danny Welbeck
24%
Napoli David Ospina
23%
Nottingham Forrest Carl Jenkinson
15%
Released Stephan Lichtsteiner
8%
No matching quizzes found
Score Distribution
Percent of People with Each Score
Percentile by Number Answered
Your Score History
You have not taken this quiz since the last reset